|
|
|
|
| LEADER |
00000nab a2200000 i 4500 |
| 001 |
publ345 |
| 005 |
20150910142319.0 |
| 008 |
150910s2009 hu o 000 zxx d |
| 040 |
|
|
|a BGE Publikációtár Repozitórium
|b hun
|
| 100 |
1 |
|
|a Jäckel Katalin
|
| 245 |
1 |
0 |
|a Exploring frontline conflicts at higher education institutions – experiments
|c Jäckel Katalin
|h [elektronikus dokumentum]
|
| 260 |
|
|
|c 2009
|
| 300 |
|
|
|a 104-111
|
| 490 |
0 |
|
|a EU Working Papers
|v No. 4. sz.
|
| 650 |
|
4 |
|a neveléstudományok
|
| 695 |
|
|
|a Felsőoktatás
|
| 695 |
|
|
|a Konfliktus
|
| 856 |
4 |
0 |
|u https://publikaciotar.uni-bge.hu/id/eprint/345/1/2009_4_07.pdf
|z Dokumentum-elérés
|